banner-ar

الشعر الدرامى عند الدكتور كمال اسماعيل مع عمل مسرحى ينشر لاول مرة : رسل التتار / (Record no. 47891)

MARC details
000 -الفاتح
حقل البيانات ثابتة الطول 00627nam a2200181Ia 4500
008 - عناصر البيانات ثابتة الطول - معلومات عامة
حقل البيانات ثابتة الطول 140319s9999 xx 000 0 ara d
040 ## - مصدر الفهرسة
وكالة الفهرسة الأصلية GCL /
وكالة النسخ GCL
082 04 - رقم تصنيف ديوى العشرى
رقم التصنيف 811.96202
رقم المادة ع ش
100 1# - المدخل الرئيسى - إسم شخصى
الإسم الشخصى عمر شرف الدين
245 10 - بيان العنوان
العنوان الشعر الدرامى عند الدكتور كمال اسماعيل مع عمل مسرحى ينشر لاول مرة : رسل التتار /
بيان المسئوليه,etc عمر شرف الدين
300 ## - الوصف المادى
التعداد 139 ص
490 ## - بيان السلسلة
عنوان السلسلة
650 04 - المدخل الاضافى بالموضوع-مصطلح موضوعى
مصطلح موضوعي الادب العربى
650 04 - المدخل الاضافى بالموضوع-مصطلح موضوعى
مصطلح موضوعي الشعر المسرحى - مصر
650 04 - المدخل الاضافى بالموضوع-مصطلح موضوعى
مصطلح موضوعي المسرحيات العربية - مصر
942 ## - عناصر المدخل الإضافي( كوها)
مصدر التصنيف او مخطط الترفيف Dewey Decimal Classification
Koha [default] item type كتاب
Holdings
حالة التراجع حالة الفقد حالة تلف ليس للاعارة المكان المؤقت الموقع الحالى تاريخ الاكتساب اجمالي اﻻعارات رقم الطلب الباركود تاريخ اخر مشاهدة تاريخ تفعيل السعر نوع وعاء كوها
        مكتبة القاهرة الكبرى مكتبة القاهرة الكبرى 03/26/2014   811.96202\ع ش 115502 03/26/2014 03/26/2014 كتاب
        مكتبة القاهرة الكبرى مكتبة القاهرة الكبرى 03/26/2014   811.96202\ع ش 115503 03/26/2014 03/26/2014 كتاب
        مكتبة القاهرة الكبرى مكتبة القاهرة الكبرى 03/26/2014   811.96202\ع ش 115504 03/26/2014 03/26/2014 كتاب

Powered By

EGPV